Normal view
MARC view
- MACHINE DRAWING WITH AUTOCAD
Entry Topical Term
001 - CONTROL NUMBER
- control field: 63242
003 - CONTROL NUMBER IDENTIFIER
- control field: NUST
005 - DATE AND TIME OF LATEST TRANSACTION
- control field: 20210628203102.0
008 - FIXED-LENGTH DATA ELEMENTS
- fixed length control field: 210628|| aca||aabn | a|a d
040 ## - CATALOGING SOURCE
- Original cataloging agency: NUST
- Transcribing agency: NUST
150 ## - HEADING--TOPICAL TERM
- Topical term or geographic name entry element: MACHINE DRAWING WITH AUTOCAD
670 ## - SOURCE DATA FOUND
- Source citation: Work cat.: (NUST): POHIT, GOUTAM , GHOSH, GOUTAM 63241, Machine drawing with autocad, 2005
